000 00717nam a2200205Ia 4500
003 GCL
008 140319s9999 xx 000 0 ara d
040 _aGCL /
_cGCL
082 0 4 _a327.1
_bا ن
100 1 _aاحمد فؤاد رسلان
245 1 0 _aنظرية الصراع الدولى 000 دراسة فى تطور الاسرة الدولية المعاصرة /
_cاحمد فؤاد رسلان
260 _a[S.N] :
_bالهيئة المصرية العامة للكتاب ،
_c1986
300 _a275 ص
490 _a
650 0 4 _aالاسلام
650 0 4 _aالسياسة الدولية
650 0 4 _aالعلاقات الخارجية
650 0 4 _aالمنازعات الدولية
942 _2ddc
_cBK
999 _c32663
_d32663